| 000 | 00630nam a2200229Ia 4500 | ||
|---|---|---|---|
| 001 | 16732 | ||
| 003 | GE_BSU | ||
| 008 | 181216s||||||||xx |||||||||||||| ||und|| | ||
| 040 | _cGE_BSU | ||
| 080 | _a821.161.1-31 | ||
| 100 | _aდოსტოევსკი, თ. (1821-1881) | ||
| 245 | _aყმაწვილი | ||
| 245 | _bრომანი | ||
| 245 | _cთარგმნა ც. ჩხეიძემ | ||
| 260 | _aთბილისი | ||
| 260 | _bმერანი | ||
| 260 | _c1967 | ||
| 300 | _a691გვ. ; 20სმ | ||
| 653 | _aრომანი | ||
| 653 | _aყმაწვილი | ||
| 942 | _cBK | ||
| 999 |
_c49797 _d49797 |
||